000 00939nam a22003497a 4500
001 BR0702278
003 BR-BrBNA
005 20230928102414.0
007 ta
008 230509b bl.||||| |||| 00| 0 por d
040 _aBR-BrBNA
_bpor
_cBiblioteca Nacional de Agricultura
041 _a(Por)
072 _aE16; E70; E71
_b0120
_b9705
_b9704
090 _ 0120 BR0702278
110 1 _aBolsa de Mercadorias Futuros, São Paulo, SP (Brasil)
245 1 _aMilho; estatísticas de mercados físico e futuro BM7F
260 3 _aSão Paulo, SP (Brasil):
300 _a64 p.
500 _aNumerical data
650 _aMILHO
650 _aFRANGO DE CORTE
650 _aSUÍNO
650 _aCARNE
650 _aMERCADO
650 _aESTATÍSTICA DE PRODUÇÃO
650 _aPREÇO
650 _aCUSTO DE PRODUÇÃO
650 _aCONTRATO
650 _aEXPORTAÇÃO
909 _a202309
_bLucia
_c55
_dLucia Elande
942 _cBK
999 _c70608
_d70608